Pokémon - Les attaques de Chevroum - Statistiques

Statistiques générales
  • Ce quiz a été pris 23 fois
  • Le résultat moyen est 12 sur 18
Statistiques - réponses
Niveaux Types Noms des attaques % Correct
Niveau 47 Plante Encornebois
100%
Niveau 22 Normal Bélier
91%
Départ Normal Charge
91%
Niveau 40 Normal Damoclès
91%
Niveau 26 Sol Piétisol
91%
Niveau 13 Plante Tranch'Herbe
91%
Niveau 12 Plante Vampigraine
91%
Départ Niveau 7 Plante Fouet Lianes
73%
Départ Niveau 9 Normal Mimi-Queue
64%
Départ Sol Séisme
64%
Niveau 20 Plante Synthèse
64%
Départ Évolution Vol Aéropique
55%
Niveau 16 Plante Soucigraine
55%
Niveau 30 Plante Canon Graine
45%
Niveau 58 Normal Lait à Boire
45%
Niveau 34 Combat Gonflette
27%
Départ Normal Croissance
18%
Niveau 55 Plante Lame-Feuille
18%
Aucun quiz correspondant
Distribution des résultats
% des personnes avec chaque résultat
Percentile par nombre de réponses
Votre historique - résultats
Vous n’avez pas pris ce quiz